[Event "2nd IMSA Basque 2017-Men"]
[Site "Huaian"]
[Date "2017.12.13"]
[Round "1"]
[White "Mamedyarov, Shakhriyar"]
[Black "Ivanchuk, Vassily"]
[Result "1/2-1/2"]
[WhiteElo "2799"]
[BlackElo "2726"]
[Annotator "TA"]
[PlyCount "88"]
[EventDate "2017.??.??"]
[EventType "tourn"]
[EventCountry "CHN"]
[SourceTitle "playchess.com"]
[Source "ChessBase"]
[SourceQuality "1"]

{[%evp 16,88,22,-15,-14,-33,-33,-33,-37,-34,-37,-37,-16,-31,-29,-47,-47,-60,-31,-51,-62,-108,-8,-18,-16,-14,-14,-6,-1,-9,-10,-8,0,-32,-17,-17,-23,-23,-8,-29,-12,-48,-41,-123,0,0,16,16,16,16,16,16,15,15,15,13,14,20,20,18,18,10,16,0,0,0,0,0,0,0,0,0,0,0,0]} 1. d4 Nf6 2. c4 e6 3. Nf3 d5 4. Nc3 Be7 5. Bf4 O-O 6. Rc1 {D37: Queen's Gambit Declined: 5 Bf4} (6. e3 c5 7. dxc5 Bxc5 8. a3 Nc6 9. Qc2 Qa5 10. O-O-O Ne4 11. Nb5 a6 12. Nc7 e5 13. Nxd5 exf4 14. Qxe4 fxe3 15. fxe3 h6 16. Nd4 Qd8 17. Bd3 f5 18. Qf4 {1-0 (47) Ivanchuk,V (2729)-Karjakin,S (2760) Medias 2017}) 6... Nbd7 7. cxd5 exd5 8. e3 c6 9. Bd3 {LiveBook: 8 Games} Nh5 10. Bg3 g6 11. a3 $146 ({Predecessor:} 11. Qb3 Nxg3 12. hxg3 Kg7 13. Ne2 Qa5+ 14. Nd2 Bb4 15. Rd1 {1-0 (52) Brujic,B (2227)-Govedarica,R (2388) Belgrade 2007}) 11... Nxg3 12. hxg3 Re8 13. O-O Bd6 14. b4 Nf6 15. Re1 Bg4 16. Qb3 a6 17. Nd2 h5 18. e4 {[#]} dxe4 ({Black should play} 18... h4 $1 $17 {[%mdl 512]} 19. gxh4 Bf4) 19. Ndxe4 $11 Be6 20. Bc4 Bxc4 21. Qxc4 Nxe4 22. Nxe4 Bf8 23. Rcd1 Rc8 24. Nc5 {Black must now prevent Rxe8.} Rxe1+ 25. Rxe1 Rc7 26. Re4 Bg7 27. a4 Re7 {...Rxe4 is the strong threat.} 28. Rxe7 Qxe7 29. Kf1 (29. Qc3 $15) 29... Bh6 (29... b6 $17 30. Nxa6 Qe4) 30. d5 {The position is equal.} Bd2 {[%csl Gd2][%cal Re7e1]} (30... cxd5 {looks sharper.} 31. Qxd5 Bf8 32. Qxb7 Qxb7 33. Nxb7 Bxb4 34. Ke2 Kg7) 31. Qe2 Qxe2+ 32. Kxe2 Bxb4 33. dxc6 bxc6 34. Nxa6 {[%mdl 4096] Endgame KB-KN} Bd6 $1 35. Kd3 {Strongly threatening Kc4.} Kf8 36. Kc4 Ke7 37. Nc5 Bc7 38. Nd3 Kd6 39. f4 f6 40. Nc5 {With the idea Ne4+.} Bb6 41. Nb7+ Kc7 42. Nc5 Kd6 43. Nb7+ Kc7 44. Nc5 Kd6 {Precision: White = 43%, Black = 60%.} 1/2-1/2

[Event "2nd IMSA Basque 2017-Men"]
[Site "Huaian"]
[Date "2017.12.13"]
[Round "1"]
[White "Ding, Liren"]
[Black "Le, Quang Liem"]
[Result "*"]
[WhiteElo "2777"]
[BlackElo "2737"]
[Annotator "TA"]
[PlyCount "71"]
[EventDate "2017.??.??"]
[EventType "tourn"]
[EventCountry "CHN"]
[SourceTitle "playchess.com"]
[Source "ChessBase"]
[SourceQuality "1"]

{[%evp 22,71,16,24,42,17,16,23,21,9,60,61,58,64,107,104,120,107,110,31,42,8,8,8,31,31,33,8,8,9,59,59,55,60,65,58,85,86,173,168,164,169,199,199,189,195,224,155,225,220,218,206]} 1. Nf3 c5 2. g3 Nc6 3. Bg2 g6 4. c3 Bg7 5. d4 cxd4 6. cxd4 d5 7. Nc3 Nh6 8. O-O Nf5 9. e3 O-O 10. b3 e6 11. Ba3 {A04: Unusual lines after 1 Nf3 and King's Indian Attack} Re8 12. Rc1 {LiveBook: 4 Games} Bd7 13. Qe2 {White is slightly better.} Rc8 14. Rfd1 Qa5 15. Qb2 b5 $146 (15... Nb4 $11) ({Predecessor:} 15... Nb4 16. Ne5 Bc6 17. Nb1 Bb5 18. Qd2 Bf8 {0-1 (58) Ubilava,E (2540)-Frois,A (2385) Dos Hermanas 1998}) 16. Bc5 $14 b4 17. Na4 e5 {[#]} 18. dxe5 $1 Nxe5 19. Nxe5 Bxa4 20. Bd4 (20. bxa4 $6 Rxc5 21. Rxc5 Qxc5 $11) (20. Rxd5 $16 Bc6 21. Nxc6 Bxb2 22. Nxa5 Bxc1 23. Nc4 (23. Bxa7 Rc2 $11) (23. Bxb4 Nxe3 24. Rc5 Rxc5 $17)) 20... Rxc1 $1 21. Rxc1 Nxd4 22. exd4 Bxe5 $1 23. dxe5 Bd7 24. Qd4 Be6 25. Rc2 Qb6 (25... Bf5 $5 {[%cal Rf5c2]} 26. Rd2 Be6 $11) 26. Qxb6 axb6 {[%mdl 4096] Endgame KRB-KRB} 27. f4 d4 28. Kf2 Rd8 29. Be4 Bd5 (29... Bg4 $16 {is a better defense.}) 30. Bxd5 $18 {White is clearly better.} Rxd5 {KR-KR} 31. Kf3 Kf8 32. Ke4 Rc5 33. Rd2 Ke7 34. g4 ({Much less strong is} 34. Kxd4 Rc1) 34... Ra5 (34... d3 $16 35. Kxd3 (35. Rxd3 Rc2 $16) 35... Rc3+ 36. Ke4 Rh3) 35. Kxd4 ({Don't play} 35. Rxd4 $6 Rxa2 36. h3 (36. Rxb4 Re2+ 37. Kf3 Rxh2 $16) 36... Re2+ 37. Kd5 f6) 35... Rc5 36. Ke4 {Precision: White = 75%, Black = 44%.} *

[Event "2nd IMSA Basque 2017-Men"]
[Site "Huaian"]
[Date "2017.12.13"]
[Round "1"]
[White "Grischuk, Alexander"]
[Black "Korobov, Anton"]
[Result "*"]
[WhiteElo "2772"]
[BlackElo "2652"]
[Annotator "TA"]
[PlyCount "65"]
[EventDate "2017.??.??"]
[EventType "tourn"]
[EventCountry "CHN"]
[SourceTitle "playchess.com"]
[Source "ChessBase"]
[SourceQuality "1"]

{[%evp 14,65,22,21,192,191,304,247,247,247,253,256,255,150,177,187,156,135,144,133,132,141,200,204,222,192,206,138,257,253,258,252,252,259,338,314,316,315,288,218,279,275,409,395,407,397,535,350,368,345,355,263,248,249]} 1. e4 c5 2. Nc3 Nc6 3. Bb5 Nd4 4. Nf3 Nf6 5. e5 Nxb5 6. Nxb5 Nd5 7. Ng5 f6 8. Qf3 {LiveBook: 17 Games. B30: Sicilian: 2...Nc6 3 Bb5, lines without ...g6} e6 $146 {[#]} (8... Nc7 $11 9. exf6 exf6 10. Qe2+ Ne6) ({Predecessor:} 8... fxg5 9. Qxd5 a6 10. Nc3 e6 11. Qf3 Be7 12. O-O Qc7 13. Re1 g6 14. b3 Rf8 15. Qh3 Rf7 {½-½ (66) Fier,A (2632)-Carbajal,A (2221) Lima 2015}) 9. Ne4 $18 Qb6 (9... Be7 $142) 10. Nbd6+ {White has a decisive advantage.} Bxd6 11. Nxd6+ Ke7 12. Qg3 Rg8 {intending ...fxe5.} 13. d3 ({White should play} 13. c4 $18 fxe5 14. Nxc8+ Raxc8 15. cxd5) 13... fxe5 $16 14. Nc4 Qc7 15. Nxe5 d6 16. Bg5+ Ke8 17. Nc4 {[%cal Be5c4,Bc4d2,Bd2e4][%mdl 32]} e5 {[#]} (17... Kd7 $16 {was called for.}) 18. O-O $1 $18 b5 19. Nd2 ({Inferior is} 19. Qf3 Be6 $11) 19... Be6 20. Ne4 Kd7 (20... h6 $16 {was necessary.}) 21. c4 Nf4 22. Bxf4 exf4 23. Qxf4 Raf8 24. Qd2 b4 25. Rfe1 Bf5 26. d4 {[%cal Bd3d4,Bd4d5][%mdl 32]} Qc6 27. d5 Qc8 (27... Qb6 $142 28. Ng3 Bg6) 28. a3 b3 29. Qa5 Qc7 30. Qb5+ Kd8 31. Qxb3 Re8 32. Nc3 Qb6 33. Qa4 {Precision: White = 82%, Black = 39%.} *

[Event "2nd IMSA Basque 2017-Men"]
[Site "Huaian"]
[Date "2017.12.13"]
[Round "1"]
[White "Yu, Yangyi"]
[Black "Andreikin, Dmitry"]
[Result "1-0"]
[WhiteElo "2751"]
[BlackElo "2712"]
[Annotator "TA"]
[PlyCount "55"]
[EventDate "2017.??.??"]
[EventType "tourn"]
[EventCountry "CHN"]
[SourceTitle "playchess.com"]
[Source "ChessBase"]
[SourceQuality "1"]

{[%evp 12,55,60,55,79,80,75,42,98,81,93,116,158,158,134,132,232,160,178,115,116,133,454,168,157,164,214,214,482,479,445,479,470,452,460,452,493,501,474,439,735,736,1024,479,1165,990]} 1. d4 d5 2. c4 c6 3. Nf3 Nf6 4. Nc3 a6 5. c5 Bf5 6. Qb3 Qc8 {D15: Slav Defence: 4 Nc3 a6 and gambit lines after 4 Nc3 dxc4} 7. Nh4 {LiveBook: 10 Games} g6 $146 ({Predecessor:} 7... Bg6 8. Na4 Nbd7 9. Bf4 e6 10. f3 Be7 11. g4 Bd8 12. O-O-O Bc7 13. Bg3 O-O 14. e3 {1-0 (38) Wang,Y (2729)-Bu,X (2710) Shenzhen 2015}) 8. Nxf5 gxf5 {White is better.} 9. h3 Bg7 ({Black should try} 9... Nbd7 $14) 10. g4 $16 fxg4 11. hxg4 Nxg4 12. f3 Nf6 13. Bf4 Nfd7 (13... h5 $16) 14. e3 {[%cal Be2e3,Be3d4][%mdl 32]} e5 15. Bh6 (15. Bg3 $18) 15... Bxh6 16. Rxh6 Qd8 $2 {[%mdl 8192]} (16... exd4 $16 {is a better chance.} 17. exd4 Qc7) 17. f4 $2 (17. Qxb7 Qg5 18. Rh2) 17... exd4 $18 18. exd4 Qc7 19. Rd6 b6 $2 {[#]} (19... Nb6 {might work better.}) 20. Nxd5 $1 {[%mdl 512] White is clearly winning.} cxd5 21. Qxd5 bxc5 {With the idea ...Qa5+.} 22. O-O-O cxd4+ 23. Bc4 Kd8 24. Kb1 Ra7 25. Qxd4 Re8 (25... Rf8 $142 26. Bb3 Qb7 27. Qf6+ Kc8) 26. Bxf7 Nc6 27. Qc3 (27. Qg1 $142 Rf8 28. Qg7 Rxf7 29. Qxf7 Qxd6 30. Rxd6) 27... Rf8 (27... Nce5 $142) 28. Qg7 {Precision: White = 61%, Black = 18%.} 1-0

[Event "2nd IMSA Basque 2017-Men"]
[Site "Huaian"]
[Date "2017.12.13"]
[Round "1"]
[White "Harikrishna, P."]
[Black "Mamedov, Rauf"]
[Result "*"]
[WhiteElo "2744"]
[BlackElo "2709"]
[Annotator "TA"]
[PlyCount "60"]
[EventDate "2017.??.??"]
[EventType "tourn"]
[EventCountry "CHN"]
[SourceTitle "playchess.com"]
[Source "ChessBase"]
[SourceQuality "1"]

{[%evp 26,60,85,21,32,30,52,53,44,50,47,60,85,55,56,67,67,60,65,73,62,15,91,84,77,109,78,79,80,51,52,0,0,0,0,0,2]} 1. e4 c5 2. Nf3 Nc6 3. d4 cxd4 4. Nxd4 g6 5. c4 Nf6 6. Nc3 d6 7. Be2 Nxd4 8. Qxd4 Bg7 9. Be3 O-O 10. Qd2 a5 {B36: Sicilian: Maroczy Bind: Gurgenidze System} 11. Rd1 (11. O-O a4 12. Rac1 Qa5 13. f3 Bd7 14. c5 Bc6 15. cxd6 Rfd8 16. Bc4 Rxd6 17. Qf2 Nd7 18. Rfd1 a3 19. Rxd6 exd6 20. b4 Qxb4 21. Nd5 Qb2 22. Rc2 Qb1+ 23. Rc1 Qb2 24. Rc2 {½-½ (24) Duda,J (2707)-Ivanchuk,V (2728) Tbilisi 2017}) 11... a4 12. O-O Be6 13. Bd4 Qa5 14. Qe3 {LiveBook: 3 Games} ({White should play} 14. f4 $16) 14... Nd7 15. f4 {[%cal Bf2f4,Bf4f5][%mdl 32]} Rac8 $146 ({Predecessor:} 15... Bxd4 16. Rxd4 f6 17. Nd5 Rf7 18. Kh1 {1-0 (44) Laurusas,T (2329)-Solnicki,M (2118) Warsaw 2011}) 16. b3 axb3 17. axb3 {[#] Threatens to win with Bxg7.} Bxd4 18. Rxd4 {Hoping for f5!} Nf6 19. Kh1 Qb6 20. f5 Bd7 21. Nd5 Nxd5 22. exd5 Kh8 ({Don't go for} 22... Bxf5 $2 {[#]} 23. Rxf5 $1 {[%mdl 512]} Rce8 24. Rf3 $18) 23. Bd3 (23. Qc3 {keeps more tension.} Bxf5 24. g4 Bd7 25. Re4+ Kg8 26. Rxe7 Rc7 27. Qf6) 23... Ra8 (23... gxf5 $11 {remains equal.} 24. Bc2 Ra8) 24. h3 $16 {aiming for fxg6.} Bxf5 25. Bxf5 gxf5 26. Rxf5 f6 27. Kh2 Rg8 28. Rh5 (28. Rf3 $14) 28... Rg7 $11 {The position is equal.} 29. Qd3 Rag8 30. Rg4 Qf2 {Precision: White = 64%, Black = 80%.} *

[Event "2nd IMSA Basque 2017-Men"]
[Site "Huaian"]
[Date "2017.12.13"]
[Round "1"]
[White "Le, Quang Liem"]
[Black "Ding, Liren"]
[Result "*"]
[WhiteElo "2737"]
[BlackElo "2777"]
[Annotator "TA"]
[PlyCount "85"]
[EventDate "2017.??.??"]
[EventType "tourn"]
[EventCountry "CHN"]
[SourceTitle "playchess.com"]
[Source "ChessBase"]
[SourceQuality "1"]

{[%evp 26,85,6,0,0,0,0,-66,-66,-81,-1,0,-4,0,0,-14,0,0,12,9,12,4,15,15,15,15,20,16,27,22,14,14,9,0,0,0,0,0,11,0,0,0,0,0,0,0,0,0,0,0,0,0,0,0,0,0,0,0,0,-1,0,0]} 1. d4 Nf6 2. c4 e6 3. Nc3 Bb4 4. e3 O-O 5. Bd3 d5 6. Nf3 dxc4 7. Bxc4 c5 8. O-O cxd4 9. exd4 b6 10. Bg5 Bb7 11. Rc1 Nc6 12. a3 Be7 13. Ba2 {E54: Nimzoindisch (Moderne Variante)} (13. Qd3 h6 14. Be3 Bd6 15. Ba6 Bxa6 16. Qxa6 Ne7 17. Rc2 Qc8 18. Qxc8 Raxc8 19. Rfc1 Bb8 20. h3 Rfd8 21. Kf1 {½-½ (87) Onischuk,A (2664)-Nakamura,H (2787) Saint Louis 2016}) 13... Rc8 14. Qd3 {LiveBook: 7 Partien} h6 15. Be3 Bd6 16. Rfd1 (16. Ne4 $11) 16... Ne7 $15 17. Ne5 $146 ({Vorgänger:} 17. Qe2 Nfd5 18. Nb5 Nf4 19. Bxf4 Bxf4 20. Rxc8 Nxc8 21. Nc3 {0-1 (37) Reuter,A-Ster,P DESC email 2000}) 17... Bxe5 (17... Nf5 $17) 18. dxe5 $11 Qxd3 19. Rxd3 Nfd5 20. Bd2 Nxc3 21. Rdxc3 Rxc3 22. Bxc3 Rc8 23. f3 Bd5 24. Bb1 g5 25. Kf2 Kg7 26. Rd1 h5 27. Rd4 Ng6 {Die Stellung ist ausgeglichen.} 28. Ra4 Rc7 29. Bd3 Nf4 30. Bf1 Bb3 31. Rb4 Bc2 32. Bd2 Bf5 33. Rc4 Rd7 34. Bxf4 gxf4 {[%mdl 4096] Endspiel KTL-KTL} 35. Ke1 Rd5 36. Rxf4 Rxe5+ 37. Kd2 Rd5+ 38. Ke3 Rd1 39. Be2 Rb1 40. Rb4 Kf6 41. h4 Bg6 42. g4 e5 43. g5+ {Precision: Weiß = 53%, Schwarz = 73%.} *

[Event "2nd IMSA Basque 2017-Men"]
[Site "Huaian"]
[Date "2017.12.13"]
[Round "1"]
[White "Ivanchuk, Vassily"]
[Black "Mamedyarov, Shakhriyar"]
[Result "0-1"]
[WhiteElo "2726"]
[BlackElo "2799"]
[Annotator "TA"]
[PlyCount "66"]
[EventDate "2017.??.??"]
[EventType "tourn"]
[EventCountry "CHN"]
[SourceTitle "playchess.com"]
[Source "ChessBase"]
[SourceQuality "1"]

{[%evp 24,66,29,25,28,28,18,28,35,0,0,0,20,0,75,72,79,76,79,60,108,105,112,68,86,70,90,0,0,-300,-290,-284,-256,-537,-537,-663,-658,-1059,-1025,-950,-409,-3182,-3045,-1892,-472]} 1. e4 e5 2. Nf3 Nc6 3. Bb5 a6 4. Ba4 Nf6 5. O-O Be7 6. Re1 d6 7. Bxc6+ bxc6 8. d4 exd4 9. Nxd4 Bd7 10. Nc3 O-O 11. Qf3 Re8 12. h3 h6 {C87: Closed Ruy Lopez: Steinitz-type lines after 6 Re1 d6} 13. Bf4 {LiveBook: 4 Games} c5 {[#]} 14. Nf5 $146 ({Predecessor:} 14. Nb3 Be6 15. Na5 Bf8 16. Nc6 Qd7 17. e5 Nh7 18. Rad1 Kh8 19. exd6 cxd6 20. Ne5 {1-0 (53) Hamdouchi,H (2590)-Kazakov,M (2437) Bastia 2009}) 14... Bxf5 {White has an edge.} 15. exf5 d5 16. g4 c6 17. b3 Nd7 18. Na4 Bf6 {[#]} (18... Qa5 $11 {remains equal.}) 19. Rxe8+ $1 $16 Qxe8 20. Rd1 Rd8 21. Kf1 Be5 22. Re1 {Threatens to win with Bxe5.} f6 23. Be3 Qf8 24. Qe2 c4 {[%cal Bc5c4,Bc4c3][%mdl 32]} 25. Qd2 (25. f4 $16) 25... d4 $36 {[%mdl 2048] Black has some pressure.} 26. Bf4 $2 {[%mdl 8192] [#]} (26. Bxd4 $11 {and White stays safe.} Nb8 27. c3) 26... c3 $19 27. Qc1 Qd6 28. Bxe5 $2 (28. Re4 {only move.}) 28... Nxe5 29. Qf4 d3 30. Qe4 dxc2 31. Qxc2 Nf3 (31... Nd3 $142 {( -> ...Qh2)} 32. Re6 Qh2 33. Nxc3 Qh1+ 34. Ke2 Qxh3) 32. Rc1 (32. Qxc3 $142 Nxe1 33. Qxe1) 32... Qh2 33. Qxc3 Qxh3+ {Precision: White = 33%, Black = 79%.} 0-1

[Event "2nd IMSA Basque 2017-Men"]
[Site "Huaian"]
[Date "2017.12.13"]
[Round "1"]
[White "Andreikin, Dmitry"]
[Black "Yu, Yangyi"]
[Result "1/2-1/2"]
[WhiteElo "2712"]
[BlackElo "2751"]
[Annotator "TA"]
[PlyCount "94"]
[EventDate "2017.??.??"]
[EventType "tourn"]
[EventCountry "CHN"]

{[%evp 14,94,25,11,29,16,50,19,29,18,25,18,49,41,58,34,46,8,8,3,8,11,9,21,24,23,36,28,33,9,31,10,23,0,0,0,0,0,0,-10,0,0,0,0,0,0,0,0,0,0,0,0,0,0,0,0,0,0,0,0,0,0,0,0,0,0,0,0,0,0,0,0,0,0,0,0,0,0,0,0,0,0,0]} 1. e4 e5 2. Nf3 Nf6 3. Nxe5 d6 4. Nf3 Nxe4 5. Bd3 Nf6 6. O-O {C42: Petroff Defence: 3 Nxe5 and unusual White 3rd moves} Be7 7. c3 O-O 8. Bc2 {LiveBook: 16 Games. White has an edge.} c5 (8... Bg4 9. d4 Nbd7 10. Bf4 Re8 11. Nbd2 Bf8 12. Bd3 c6 13. h3 Bh5 {½-½ (46) Andreikin,D (2706)-Wang,Y (2706) China 2017}) 9. d4 Be6 $146 ({Predecessor:} 9... c4 10. Qe2 d5 11. Bg5 Nc6 12. h3 Be6 13. Nbd2 b5 {0-1 (36) Vogiatzis,D (1927)-Gawlas,G (1609) Nuremberg 2001}) 10. Bg5 h6 11. Bxf6 Bxf6 12. Re1 {[#] And now Qd3 would win.} Bg4 13. dxc5 dxc5 14. Nbd2 (14. Qe2 $5 {[%cal Re2e4]} g6 15. Nbd2 $16) 14... Nc6 15. h3 Bxf3 16. Nxf3 Qxd1 17. Raxd1 Rad8 18. Be4 Rxd1 19. Rxd1 Rd8 20. Rxd8+ Nxd8 $14 {[%mdl 4096] Endgame KBN-KBN} 21. Kf1 Kf8 22. Ke2 Ke7 23. Kd3 b5 {The position is equal.} 24. a4 a6 25. axb5 axb5 26. c4 bxc4+ 27. Kxc4 Bxb2 28. Kxc5 Ne6+ 29. Kc4 Ba3 30. Ne1 Bd6 31. Nd3 Nf4 32. Nxf4 Bxf4 $11 {KB-KB} 33. Kd3 Bd6 34. Ke2 g6 35. Bd3 f5 36. Bc2 Kf6 37. Bb3 h5 38. Ba2 h4 39. Bb3 Be5 40. Bc2 Bd6 41. Bd3 Be5 42. Bb5 Bd6 43. Bc4 Bc7 44. Bd3 Bd6 45. Bc4 Bc7 46. Bd3 Bd6 47. Bc4 Bc7 {Precision: White = 71%, Black = 46%.} 1/2-1/2

[Event "2nd IMSA Basque 2017-Men"]
[Site "Huaian"]
[Date "2017.12.13"]
[Round "1"]
[White "Mamedov, Rauf"]
[Black "Harikrishna, P."]
[Result "*"]
[WhiteElo "2709"]
[BlackElo "2744"]
[Annotator "TA"]
[PlyCount "50"]
[EventDate "2017.??.??"]
[EventType "tourn"]
[EventCountry "CHN"]
[SourceTitle "playchess.com"]
[Source "ChessBase"]
[SourceQuality "1"]

{[%evp 19,50,-8,-9,-9,-5,-8,-8,-6,-11,-8,3,30,66,54,42,44,33,16,23,14,21,29,22,18,30,0,37,-61,-52,-98,-10,-95,-95]} 1. e4 {[%cal Be2e4,Be4e5][%mdl 32]} c5 2. Nf3 e6 3. c3 Nf6 4. e5 Nd5 5. Bc4 Nb6 6. Bb3 d6 7. d4 cxd4 8. cxd4 dxe5 9. Nxe5 Nc6 {B22: Sicilian: 2 c3} 10. Qf3 Bb4+ {LiveBook: 3 Games} (10... Nxe5 11. dxe5 Bb4+ 12. Nc3 Qd4 13. Qg3 Qe4+ 14. Be3 Qg6 15. Qh4 Be7 16. Qe4 Qxe4 17. Nxe4 {½-½ (57) Vachier Lagrave,M (2789)-Caruana,F (2804) Leuven 2016}) 11. Nc3 {[%csl Ge5][%cal Rf3f7]} O-O {The position is equal.} 12. Nxc6 bxc6 13. O-O Qxd4 14. Rd1 {[#]} (14. Be3 $5 {[%cal Re3d4]} Qd7 15. a3 $11) 14... Qh4 $146 ({Predecessor:} 14... Qf6 15. Qxf6 gxf6 16. Bh6 Re8 17. Ne4 {1-0 (38) Aliev,R (2230)-Ghaem Maghami,E (2591) Baku 2014}) 15. Ne4 {Bg5 is the strong threat.} e5 16. Bg5 (16. Ng5 $5 {[%cal Rf3f7]} Be6 17. Nxe6 fxe6 18. Bxe6+ Kh8 19. Qe2 $14) 16... Qg4 17. a3 Qxf3 18. gxf3 Ba5 $1 19. Rac1 {And now Rc5 would win.} Nd5 $1 20. Rxc6 Nf4 21. Bxf4 exf4 22. Ng5 h6 (22... Rb8 $5 {[%cal Rb8b3]} 23. Bc4 Rb7 $11) 23. Ne4 (23. Nxf7 $1 $14 Rxf7 24. Rd5) 23... Rb8 $15 24. Rd3 {[#]} Bb7 ({Black should play} 24... Bh3 $1 $17 {With the idea ...Rfd8.} 25. Nd6 Bd8) 25. Rc5 {[#]} (25. Rcd6 $11 {remains equal.}) 25... Ba6 $1 {Precision: White = 43%, Black = 60%.} *

[Event "2nd IMSA Basque 2017-Men"]
[Site "Huaian"]
[Date "2017.12.13"]
[Round "1"]
[White "Wang, Hao"]
[Black "Artemiev, Vladislav"]
[Result "*"]
[WhiteElo "2709"]
[BlackElo "2691"]
[Annotator "TA"]
[PlyCount "61"]
[EventDate "2017.??.??"]
[EventType "tourn"]
[EventCountry "CHN"]
[SourceTitle "playchess.com"]
[Source "ChessBase"]
[SourceQuality "1"]

{[%evp 16,61,85,52,88,53,46,28,41,52,47,48,47,27,37,0,45,45,18,20,37,0,81,81,63,31,36,41,52,55,49,11,25,30,98,98,100,106,106,93,102,91,157,170,170,162,176,173]} 1. e4 c5 2. Nf3 e6 3. d4 cxd4 4. Nxd4 Nc6 5. Nc3 a6 6. Be2 Nxd4 {B46: Sicilian: Taimanov: 5 Nc3 a6} (6... Qc7 7. Be3 Nf6 8. O-O Be7 9. f4 d6 10. Kh1 O-O 11. Qe1 Nxd4 12. Bxd4 b5 13. a3 Nd7 14. Bd3 Bb7 15. Qg3 Bf6 16. Bxf6 Nxf6 17. Rae1 Rac8 18. Qh4 h6 19. Re3 Qc5 20. Rg3 Kh8 21. Rg5 {1-0 (48) Inarkiev,E (2694)-Rublevsky,S (2683) Sochi 2017}) 7. Qxd4 Ne7 8. Bf4 Nc6 9. Qd2 {LiveBook: 8 Games} (9. Qd3 {is interesting.} Bc5 10. Qg3 Qf6 11. Rd1 b5 12. O-O) 9... b5 10. a3 Bb7 11. O-O Rc8 $146 ({Predecessor:} 11... d6 12. Rad1 Ne5 13. Nxb5 g5 14. Bxe5 dxe5 15. Qc3 {1-0 (24) Chudnovsky,J-Sales,J Las Vegas 1994}) 12. Rad1 Be7 {[%cal Bf8e7,Be7h4,Bh4g5,Bg5h6][%mdl 32]} 13. Rfe1 Na5 14. Qe3 O-O 15. Qg3 Kh8 16. Rd2 Bh4 17. Qe3 $40 {[%mdl 128] White has some attack.} d5 18. Red1 {[%cal Re4d5]} Nc4 (18... Bf6 $11 {keeps the balance.}) 19. Bxc4 $1 $16 Rxc4 20. Be5 f6 21. Bg3 Bg5 22. f4 Bh6 $1 23. b3 Rc8 24. exd5 exd5 (24... e5 $1 $11) 25. Nxd5 Bxd5 26. Rxd5 Qc7 27. R1d2 Rfe8 28. Qd4 Qe7 (28... Kg8 $142) 29. Rd6 {White is clearly better.} a5 30. h3 a4 31. Kh2 {Precision: White = 44%, Black = 58%.} *

[Event "2nd IMSA Basque 2017-Men"]
[Site "Huaian"]
[Date "2017.12.13"]
[Round "1"]
[White "Artemiev, Vladislav"]
[Black "Wang, Hao"]
[Result "*"]
[WhiteElo "2691"]
[BlackElo "2709"]
[Annotator "TA"]
[PlyCount "79"]
[EventDate "2017.??.??"]
[EventType "tourn"]
[EventCountry "CHN"]
[SourceTitle "playchess.com"]
[Source "ChessBase"]
[SourceQuality "1"]

{[%evp 16,79,-21,-29,-29,-32,-36,-56,-44,-60,-20,-28,-21,-33,-44,-50,-38,-37,-9,-16,-21,-17,-10,-14,-15,-17,-19,-32,6,10,7,7,10,-22,11,-67,0,-11,0,0,0,0,0,0,0,-8,-8,-8,-8,-12,-8,-123,-133,-133,-133,-135,-138,-131,-130,-144,-138,-145,-154,-178,-167,-185]} 1. Nf3 d5 2. g3 g6 3. Bg2 Bg7 4. c4 dxc4 5. Qa4+ Nc6 6. Qxc4 e5 {[%cal Be7e5,Be5d4][%mdl 32]} 7. O-O Nge7 8. Nc3 O-O 9. d3 Nd4 {A07: Réti Opening: New York and Capablanca Systems} (9... h6 10. Qa4 Bd7 11. Qa3 Nf5 12. Bd2 Re8 13. Rac1 b6 14. Rfe1 a5 15. b3 Rc8 16. Qb2 Ncd4 17. Nxd4 exd4 {½-½ (152) Nakamura,H (2793)-Caruana,F (2787) Saint Louis 2015}) 10. Nxd4 exd4 11. Ne4 Be6 {Black is slightly better.} 12. Qc2 Bd5 13. Bg5 f6 14. Bf4 c6 $146 ({Predecessor:} 14... f5 15. Ng5 h6 16. Nf3 c6 17. Qc5 {½-½ (42) Krause,U-Zieher,H (2225) Germany 1989}) 15. Qc5 b6 16. Qd6 g5 17. Bd2 h6 18. g4 f5 19. gxf5 Nxf5 20. Qxd8 $1 Raxd8 21. a4 Nd6 22. Ng3 Bxg2 23. Kxg2 c5 24. Rfc1 Rc8 25. Rc2 (25. a5 $11) 25... Be5 (25... a5 $1 $15) 26. a5 $11 Rfe8 (26... Rf7 {keeps more tension.} 27. axb6 axb6 28. b3 Rfc7 29. f3 Kf7) 27. axb6 axb6 28. Ra6 Bxg3 29. hxg3 Rxe2 30. Rxb6 {Strongly threatening Kf1.} Rf8 $36 {[%mdl 2048] Black has the initiative.} 31. Rxd6 Rfxf2+ 32. Kg1 $1 Rxd2 33. Rxc5 {[%mdl 4096] Endgame KRR-KRR} (33. Rxd2 $11 {was the only way to keep the balance.} Rxd2 34. Rxh6) 33... Rg2+ $17 (33... Rxb2 34. Rd7 $15) 34. Kh1 {[#] Threatens to win with Rc8+.} Rh2+ $1 ({Not} 34... Rxb2 $2 35. Rc8+ Kf7 36. Rc7+ Ke8 37. Rxh6 $18) 35. Kg1 {[#]} Rdg2+ $1 ({Resist} 35... Rxb2 36. Rc7 $15) 36. Kf1 Rxb2 {[%cal Rh2h1]} ({But not} 36... Rxg3 $2 37. Rc8+ Kf7 38. Rc7+ Ke8 39. Ra6 $18) 37. Kg1 Rhd2 {[%cal Rd2d1] Black is clearly better.} 38. Rc1 Rxd3 39. Rxh6 Rxg3+ 40. Kh1 {Precision: White = 58%, Black = 64%.} *